| 000 | 01118nam a2200253 a 4500 | ||
|---|---|---|---|
| 001 | BRCA_5820 | ||
| 005 | 20190321142920.0 | ||
| 008 | 100311s2009----u--a######---#000-0#eng-# | ||
| 020 | _a9780806199723 | ||
| 041 | _aeng | ||
| 044 | _au | ||
| 050 | 4 | _b.A85 2009 | |
| 245 | 1 | 0 |
_aAsia & Spanish America _bTrans-Pacific Artistic & Cultural Exchange, 1500-1850 : Papers from the 2006 Mayer Center Symposium at the Denver Art Museum _cedited by Donna Pierce and Ronald Otsuka. |
| 260 |
_aDenver _bDenver Art Museum _c2009 |
||
| 300 |
_a200 p. _bil. a color _c28 cm. |
||
| 440 | 0 |
_aSymposium series _pMayer Center for Pre-Columbian & Spanish Colonial Art at the Denver Art Museum _v2006 _914741 |
|
| 500 | _aA publication of the Frederick and Jan Mayer Center for Pre-Columbian and Spanish Colonial Art at the Denver Art Museum | ||
| 500 | _aIncluye piezas de la colección Franz Mayer: p. 21-23, 25-33, 83, 130, 179 y 183 | ||
| 504 |
_aIncluye referencias bibliográficas _vCongresos |
||
| 700 | 1 |
_aPierce, Donna _d1950- _91488 |
|
| 700 | 1 |
_aOtsuka, Ronald _914742 |
|
| 710 | 2 |
_aDenver Art Museum _914691 |
|
| 942 |
_2lcc _cB |
||
| 999 |
_c5509 _d5509 |
||